Harry Potter - Quidditch-Team Gryffindor - Statistiken

Allgemein
  • Dieses Quiz wurde 262 mal gespielt
  • Das Durchschnittsergebnis liegt bei 9 aus 16
Antwortstatistiken
Spieler Jahr/Saison Position % Korrekt
Harry Potter bis 1996 Sucher
99%
Fred Weasley bis 1996 Treiber
94%
George Weasley bis 1996 Treiber
94%
Ronald Weasley 1995-1997 Hüter
94%
Oliver Wood bis 1995 Hüter
91%
Ginny Weasley ab 1995 Jäger / Sucher (Ersatz)
90%
Angelina Johnson bis 1996 Jäger
69%
Katie Bell bis 1997 Jäger
66%
Alicia Spinnet bis 1996 Jäger
42%
Cormac McLaggen 1996/1997 Hüter (Ersatz)
37%
Dean Thomas 1996/1997 Jäger (Ersatz)
35%
Demelza Robins ab 1996 Jäger
18%
Jack Sloper 1995/1996 Treiber (Ersatz)
13%
Jimmy Peakes ab 1996 Treiber
12%
Ritchie Coote ab 1996 Treiber
9%
Andrew Kirke 1995/1996 Treiber (Ersatz)
7%
Keine übereinstimmenden Quizze gefunden
Verteilung der Resultate
Anzahl Personen mit jedem Resultat
Perzentil nach korrekt beantworteten Fragen
Ihre Resultats-Entwicklung
Sie haben dieses Quiz noch nicht gespielt